Introduction to Architectural Science : The Basis of Sustainable Design /

Introducción al ecodiseño en arquitectura, cuyo autor expone las bases físicas del diseño arquitectónico al tiempo que las vincula directamente con principios bioclimáticos. Steven V. Szokolay expone cómo diseñar y controlar las condiciones ambientales en interiores -como el calor, la luz y el sonid...

Celý popis

Uloženo v:
Podrobná bibliografie
Hlavní autor: Szokolay, Steven V. (autor)
Médium: Kniha
Jazyk:angličtina
Vydáno: Oxford, Inglaterra : Architectural Press, 2004, c2004
Témata:
Tagy: Přidat tag
Žádné tagy, Buďte první, kdo vytvoří štítek k tomuto záznamu!

MARC

LEADER 00000nam^a2200000^a^4500
001 000184789
005 20250521000000.0
009 20260310102126.951
020 |a 0-7506-5849-5 
037 |a Acervo ITESO - Biblioteca 
041 |a ING 
082 |a 720. 47  |b SZO 
100 |a Szokolay, Steven V.  |e (autor) 
245 1 0 |a Introduction to Architectural Science :  |b The Basis of Sustainable Design /  |c S.V. Szokolay ; colaboración de Christopher Brisbin. 
264 4 |a Oxford, Inglaterra :  |b Architectural Press,  |c 2004, c2004 
300 |a XIX, 327 p. 
336 |a texto  |b txt  |2 rdacontenido 
337 |a sin mediación  |b n  |2 rdamedio 
338 |a volumen  |b nc  |2 rdasoporte 
520 |a Introducción al ecodiseño en arquitectura, cuyo autor expone las bases físicas del diseño arquitectónico al tiempo que las vincula directamente con principios bioclimáticos. Steven V. Szokolay expone cómo diseñar y controlar las condiciones ambientales en interiores -como el calor, la luz y el sonido- con un uso mínimo o nulo de recursos energéticos no renovables. 
649 |a XX 
650 |a Iluminación 
650 |a Sonido 
650 |a Clima 
650 |a Recursos Energéticos 
650 |a Ecodiseño -  |x Tema Principal 
650 |a Ecodiseño -  |x Aspectos Físicos 
650 |a Diseño Arquitectónico -  |x Tema Principal 
650 |a Desarrollo Sustentable -  |x Tema Principal 
650 |a Conservación y Protección Ambiental 
650 |a Ingeniería Ambiental 
650 |a Arquitectura 
910 |a Fondo General 
920 |a Impresos - Libros 
930 |a Colección General 
905 |a 101 
901 |a 0500125736  |b IT1  |c ACC  |u 20250521 
902 |a https://opac.biblio.iteso.mx/vufind/Record/000184789